03917 2201633 4500001002100000005001500021035002000036007000300056008004100059020001800100082000800118084001400126100001700140245009000157260003600247300002200283650002500305990001300330990001600343990001800359990001600377990001600393990001600409990001600425990001600441990001600457990001600473990001600489990001600505990001600521990001600537990001800553990001600571990001600587990001600603990001600619990001600635990001600651990001600667990001600683990001600699990001600715990001600731990001800747990001600765990001600781990001600797990001600813990001600829990001600845990001600861990001600877990001600893990001600909990001600925990001800941990001600959990001600975990001600991990001601007990001601023990001601039990001601055990001601071990001601087990001601103990001601119990001801135990001601153990001601169990001601185990001601201990001601217990001601233990001601249990001601265990001601281990001601297990001601313990001801329990001601347990001601363990001601379990001601395990001601411990001601427990001601443990001601459990001601475990001601491990001601507990001801523990001601541990001601557990001601573990001601589990001601605990001601621990001601637990001601653990001601669990001601685990001601701990001801717990001601735990001601751990001601767990001601783990001601799990001601815990001601831990001601847990001601863990001601879990001601895990001801911990001601929990001601945990001601961990001601977990001601993990001602009990001602025990001602041990001602057990001602073990001602089990001802105990001602123990001602139990001602155990001602171990001602187990001602203990001602219990001602235990001602251990001602267INLIS00000000000087320181115014253 a0010-1118000234ta181115 g 0 ind  a9789795017387 a378 a378 ARI e0 aAris Shoimin1 aExcellent Teacher meningkatkan profesionalisme Guru pasca sertifikasi /cAris Shoimin aSemarang :bDahara Prize,c2013 axi,196p. ;c24cm. aProfesionalisme Guru a04680468 a00000003613 a0028400200284 a00000003349 a00000003350 a00000003351 a00000003352 a00000003353 a00000003359 a00000003360 a00000003361 a00000003611 a00000003612 a00000003612 a0028400200284 a00000003349 a00000003350 a00000003351 a00000003352 a00000003353 a00000003359 a00000003360 a00000003361 a00000003611 a00000003613 a00000003611 a0028400200284 a00000003349 a00000003350 a00000003351 a00000003352 a00000003353 a00000003359 a00000003360 a00000003361 a00000003612 a00000003613 a00000003361 a0028400200284 a00000003349 a00000003350 a00000003351 a00000003352 a00000003353 a00000003359 a00000003360 a00000003611 a00000003612 a00000003613 a00000003360 a0028400200284 a00000003349 a00000003350 a00000003351 a00000003352 a00000003353 a00000003359 a00000003361 a00000003611 a00000003612 a00000003613 a00000003359 a0028400200284 a00000003349 a00000003350 a00000003351 a00000003352 a00000003353 a00000003360 a00000003361 a00000003611 a00000003612 a00000003613 a00000003353 a0028400200284 a00000003349 a00000003350 a00000003351 a00000003352 a00000003359 a00000003360 a00000003361 a00000003611 a00000003612 a00000003613 a00000003352 a0028400200284 a00000003349 a00000003350 a00000003351 a00000003353 a00000003359 a00000003360 a00000003361 a00000003611 a00000003612 a00000003613 a00000003351 a0028400200284 a00000003349 a00000003350 a00000003352 a00000003353 a00000003359 a00000003360 a00000003361 a00000003611 a00000003612 a00000003613 a00000003350 a0028400200284 a00000003349 a00000003351 a00000003352 a00000003353 a00000003359 a00000003360 a00000003361 a00000003611 a00000003612 a00000003613